| 000 | 00708nam a22002297a 4500 | ||
|---|---|---|---|
| 005 | 20170123162317.0 | ||
| 010 | _aA-459629 | ||
| 020 | _c00.00 | ||
| 035 | _aA-459629 | ||
| 037 | _bCen Lib/Ret | ||
| 040 |
_aDPL _bUR |
||
| 082 |
_a841.08 _bب ا ز |
||
| 245 |
_aباز یافت پرویز شادی / _cمرتب رییس انور |
||
| 246 |
_aBaz yafat parvez shahidi / _bedited by Rayis Anwar |
||
| 300 |
_a216p. _c21cm(Hb) |
||
| 650 |
_aاردو ادب _9115407 |
||
| 650 |
_a اردو سوانح عمری _9115408 |
||
| 650 |
_aUrdu literature _9115409 |
||
| 650 |
_aUrdu biography _9511 |
||
| 700 |
_a رییس انور _9115410 |
||
| 942 |
_2ddc _cUR _h841.08 _mب ا ز |
||
| 999 |
_c106827 _d106827 |
||